[Event "OUCC Open"]
[Site "Oxford ENG"]
[Date "2002.04.27"]
[Round "3"]
[White "Summerscale,A"]
[Black "Devereaux,M"]
[Result "1/2-1/2"]
[WhiteElo "2503"]
[BlackElo "2282"]

1.c4 Nf6 2.d4 e6 3.Nc3 Bb4 4.f3 c6 5.e4 d5 6.e5 Nfd7 7.f4 dxc4 8.Bxc4 Nb6
9.Be2 c5 10.a3 Bxc3+ 11.bxc3 cxd4 12.cxd4 Nc6 13.Nf3 Bd7 14.Ng5 Ne7 15.Bh5 g6
16.Bf3 Bc6 17.O-O h6 18.Bxc6+ Nxc6 19.Ne4 Kf8 20.Nd6 Kg7 21.Bb2 Nc8 22.d5 N6e7
23.dxe6 fxe6 24.Qg4 Qb6+ 25.Rf2 Nf5 26.Nxf5+ exf5 27.Qh4 Qe6 28.Rd1 Re8 29.Rc2 Kh7
30.Qf6 Qb6+ 31.Kh1 Qxf6 32.exf6 Nd6 33.Rc7+ Kg8 34.h3 Nf7 35.Rdd7 Rf8 36.Be5 Rad8
37.Re7 Rd3 38.a4 g5 39.fxg5 hxg5 40.Rxb7 a6 41.Ra7 f4 42.Rxa6 f3 43.gxf3 Rxf3
44.Kg2 Rf5 45.Bb2 Rb8 46.Re2 Kh7 47.Rc6 Rb4 48.a5 g4 49.h4 Ra4 50.Bc3 Kg6
51.Rc7 g3 52.Re8 Nh6 53.Rg7+ Kh5 54.Kxg3 Ra3 55.Re3 Rfxa5 56.f7 Nf5+ 57.Kf3 Nxg7
58.f8=Q Rf5+ 59.Qxf5+ Nxf5 60.Rd3 Nxh4+  1/2-1/2

[Event "FSIM May"]
[Site "Budapest HUN"]
[Date "2002.05.10"]
[Round "7"]
[White "Papp,Ge"]
[Black "Berczes,D"]
[Result "1-0"]
[WhiteElo "2244"]
[BlackElo "2179"]

1.d4 Nf6 2.c4 e6 3.Nc3 Bb4 4.f3 c5 5.a3 Bxc3+ 6.bxc3 cxd4 7.cxd4 d5 8.e3 O-O
9.cxd5 exd5 10.Bd3 Re8 11.Ne2 Nc6 12.O-O Bd7 13.Bd2 Ne7 14.Qb1 Bc6 15.a4 Nc8
16.Rc1 Nd6 17.Ng3 g6 18.Rc3 Qe7 19.Qc2 Rac8 20.Re1 Qd7 21.Ra1 Qe7 22.Re1 Qd7
23.Ra1 Qe7 24.Rc1 Qd7 25.Ra1 Qe7 26.Qa2 h5 27.Nf1 g5 28.Ng3 Qe6 29.Qc2 Bd7
30.h3 Rxc3 31.Qxc3 g4 32.hxg4 hxg4 33.Kf2 Rc8 34.Qa5 b6 35.Qxa7 Nc4 36.Bxc4 dxc4
37.a5 c3 38.axb6 cxd2 39.b7 d1=N+ 40.Rxd1 Re8 41.d5 Qd6 42.Rb1 Qb8 43.Qd4 Nh7
44.Nh5 Re5 45.Qxe5  1-0

[Event "Tanta Open"]
[Site "Tanta City EGY"]
[Date "2002.05.14"]
[Round "2"]
[White "Ezat,M"]
[Black "Meged,E"]
[Result "1-0"]
[WhiteElo "2324"]
[BlackElo "2177"]

1.d4 Nf6 2.c4 e6 3.Nc3 Bb4 4.f3 c5 5.a3 Bxc3+ 6.bxc3 Qa5 7.Bd2 O-O 8.e4 d6
9.Bd3 Nc6 10.Ne2 Qa6 11.O-O Na5 12.Ng3 Nxc4 13.Qe2 d5 14.e5 Nd7 15.f4 cxd4
16.cxd4 Qb6 17.Bc3 f5 18.Bxc4 dxc4 19.Qxc4 Qc6 20.Qxc6 bxc6 21.Ba5 Ba6 22.Rfc1 Rfc8
23.Rc3 c5 24.d5 exd5 25.Nxf5 d4 26.Rg3 g6 27.e6 Nf6 28.Ne7+ Kf8 29.Nxc8 Rxc8
30.Rg5 Ke7 31.Rc1 c4 32.Bb4+ Kxe6 33.Re5+ Kf7 34.Re7+ Kg8 35.Re6 Nd5 36.Rxa6 Nxf4
37.Rf1 g5 38.g3 Ne2+ 39.Kf2 d3 40.Ke3 Re8+ 41.Kd2 Nd4 42.Kc3 Re4 43.Kxc4 d2
44.Bxd2 Nf3+ 45.Kc3 Rc4+ 46.Kd3 Rd4+ 47.Ke3 Nxd2 48.Rd1  1-0

[Event "9th RUS-chT"]
[Site "Ekaterinburg RUS"]
[Date "2002.05.18"]
[Round "2"]
[White "Volkov,S"]
[Black "Aleksandrov,A"]
[Result "1-0"]
[WhiteElo "2609"]
[BlackElo "2654"]

1.d4 Nf6 2.c4 e6 3.Nc3 Bb4 4.f3 d5 5.a3 Bxc3+ 6.bxc3 O-O 7.cxd5 exd5 8.e3 b6
9.Ra2 c5 10.g4 Ne8 11.Ne2 Qh4+ 12.Ng3 cxd4 13.cxd4 Nd6 14.Qb3 Be6 15.Rc2 Nd7
16.Bd3 Nf6 17.O-O h5 18.Qb4 Rfd8 19.Rc6 Nc4 20.e4 hxg4 21.exd5 gxf3 22.dxe6 Ng4
23.exf7+ Kh8 24.Rxf3 Qxh2+ 25.Kf1 Qh3+ 26.Ke1 Rf8 27.Qxc4 Qg2 28.Qd5  1-0

[Event "2nd NAO Masters"]
[Site "Paris FRA"]
[Date "2002.05.20"]
[Round "8"]
[White "Midoux,S"]
[Black "Inkiov,V"]
[Result "0-1"]
[WhiteElo "2288"]
[BlackElo "2440"]

1.d4 Nf6 2.c4 e6 3.Nc3 Bb4 4.f3 c5 5.d5 d6 6.Bd2 a6 7.e4 O-O 8.Nge2 b5 9.Nf4 exd5
10.cxd5 Nbd7 11.Be2 Ne5 12.O-O c4 13.g4 Nfd7 14.Kh1 Ba5 15.Qe1 Nc5 16.Qg3 Na4
17.Rab1 Bd7 18.Qe1 Nxc3 19.bxc3 Bb6 20.Qg3 Re8 21.Ng2 Qe7 22.Rbe1 Ng6 23.Bd1 Ne5
24.Be2 Ng6 25.Bd1 Ne5 26.Bc2 f6 27.h3 Rac8 28.f4 Nd3 29.Bxd3 cxd3 30.Qxd3 Rc4
31.e5 fxe5 32.fxe5 dxe5 33.Re4 Rxe4 34.Qxe4 Bc8 35.Be3 Bc7 36.Rd1 Bd6 37.Bf2 Bb7
38.Ne3 g6 39.Bg3 Rc8 40.c4 Qc7 41.cxb5 axb5 42.g5 Qe7 43.h4 Rc3 44.Rb1 Bc8
45.Rxb5 Qd7  0-1

[Event "9th RUS-chT"]
[Site "Ekaterinburg RUS"]
[Date "2002.05.21"]
[Round "5"]
[White "Volkov,S"]
[Black "Sorokin,M"]
[Result "1/2-1/2"]
[WhiteElo "2609"]
[BlackElo "2531"]

1.d4 Nf6 2.c4 e6 3.Nc3 Bb4 4.f3 c5 5.d5 b5 6.e4 bxc4 7.Bxc4 Nxd5 8.Bxd5 exd5
9.Qxd5 Nc6 10.Ne2 Ba6 11.Kf2 O-O 12.Rd1 Ba5 13.a3 Rb8 14.Bg5 Qc8 15.Rab1 Re8
16.Bf4 Rb7 17.Na4 Ne7 18.Qd6 Bxe2 19.Kxe2 Bc7 20.Qd2 d5 21.Kf1 dxe4 22.fxe4 Bxf4
23.Qxf4 Ng6 24.Qf5 c4 25.Qxc8 Rxc8 26.Rbc1 Ne5 27.b4 f6 28.Nc5 Rb5 29.Nd7 Ng4
30.Rd4 Nxh2+ 31.Kg1 Ng4 32.Rcxc4 Rxc4 33.Rxc4 a5 34.Rc5 Rb7 35.Rc8+ Kf7 36.Nc5 Rb6
37.Rc7+ Kg6 38.Rb7 Rxb7 39.Nxb7 axb4 40.axb4 f5 41.b5 fxe4 42.b6 Ne5 43.Nc5 Nc6
44.Kf2 Kf5 45.Ke3 Ke5 46.Nd7+ Kd6 47.Nf8 Ne7 48.Kxe4 Kc6 49.Ke5 h5 50.Ke6 Nd5
51.b7 Nc7+ 52.Kf7 Kxb7 53.Kxg7 Nd5 54.Kh6  1/2-1/2

[Event "Spring"]
[Site "Tel Aviv ISR"]
[Date "2002.05.24"]
[Round "6"]
[White "Bykhovsky,Av"]
[Black "Rodshtein,M"]
[Result "1-0"]
[WhiteElo "2452"]
[BlackElo "2177"]

1.d4 Nf6 2.c4 e6 3.Nc3 Bb4 4.f3 d5 5.a3 Bxc3+ 6.bxc3 O-O 7.cxd5 exd5 8.e3 c5
9.Bd3 Nc6 10.Ne2 Re8 11.O-O Bd7 12.Ra2 Na5 13.Ng3 Rc8 14.Nf5 cxd4 15.cxd4 Nc4
16.Re2 Qb6 17.Qe1 Rc7 18.Qg3 Bxf5 19.Bxf5 Rce7 20.Qf2 Qa5 21.Bb1 b5 22.e4 Nxa3
23.Ra2 b4 24.e5 Nd7 25.Bxa3 bxa3 26.Qe3 Qb6 27.Rxa3 Nf8 28.f4 Rc7 29.Ba2 Qb2
30.Bxd5 Rd8 31.Rb3 Qa2 32.Rb7 Qa5 33.Rxc7 Qxc7 34.Bb3 Qb6 35.Rd1 Ne6 36.Bxe6 fxe6
37.h3 a5 38.Kh2 a4 39.Rd3 g6 40.Qe4 Qb1 41.Qf3 Rd5 42.f5 gxf5 43.Qg3+ Kh8
44.Rc3 Qb8 45.Qg5 Qd8 46.Qh6 Rxd4 47.Rc7  1-0

[Event "3rd IECC"]
[Site "Batumi GEO"]
[Date "2002.06.14"]
[Round "3"]
[White "Erdogan,H"]
[Black "Gashimov,V"]
[Result "0-1"]
[WhiteElo "2233"]
[BlackElo "2470"]

1.d4 Nf6 2.c4 e6 3.Nc3 Bb4 4.f3 c5 5.a3 Ba5 6.e3 d5 7.Bd3 cxd4 8.exd4 dxc4
9.Bxc4 Qc7 10.Qd3 O-O 11.Bg5 Rd8 12.Ne2 Nc6 13.Ba2 Bb6 14.Be3 e5 15.d5 Bxe3
16.Qxe3 Ne7 17.Rd1 Nf5 18.Qf2 b6 19.O-O Ba6 20.Rfe1 Bxe2 21.Qxe2 Re8 22.Qc4 Qxc4
23.Bxc4 Nd6 24.Ba6 Rad8 25.Ne4 Re7 26.Rc1 Nfe8 27.Rc6 h6 28.Rec1 f5 29.Ng3 g6
30.Bc8 Kf8 31.Be6 Ng7 32.Rc7 Nxe6 33.dxe6 Ne8 34.R7c6 Rd6 35.h4 h5 36.Rxd6 Nxd6
37.Rc6 Ne8 38.f4 e4 39.Ne2 Rc7 40.Nd4 Ke7 41.Kf2 Rxc6 42.Nxc6+ Kxe6 43.Nxa7 Nd6
44.Nc6 Nc4 45.b3 Nxa3 46.Ne5 Nc2 47.Nxg6 Nd4 48.Nf8+ Ke7 49.Ng6+ Kd6 50.b4 Nc2
51.Ne5 Nxb4 52.Nc4+ Kc5 53.Ne3 Nd3+ 54.Kg3 b5 55.Nxf5 b4 56.Ne3 b3 57.Nd1 Kd4
58.f5 Ke5 59.Kh3 Nf2+  0-1

[Event "3rd IECC"]
[Site "Batumi GEO"]
[Date "2002.06.16"]
[Round "5"]
[White "Volkov,S"]
[Black "Maherramzade,J"]
[Result "1-0"]
[WhiteElo "2609"]
[BlackElo "2493"]

1.d4 Nf6 2.c4 e6 3.Nc3 Bb4 4.f3 d5 5.a3 Bxc3+ 6.bxc3 c6 7.e4 dxe4 8.fxe4 e5
9.Nf3 Nxe4 10.Qc2 f5 11.Bd3 Nd7 12.O-O O-O 13.Bxe4 fxe4 14.Bg5 Qe8 15.Qxe4 h6
16.Bh4 exd4 17.Qxd4 Nb6 18.Rae1 Qd7 19.Qc5 Rf5 20.Ne5 Qc7 21.Bg3 Na4 22.Qb4 Qb6+
23.Bf2 Qxb4 24.cxb4 Rf6 25.Nf3 Bg4 26.Bd4 Rf7 27.Ne5 Rxf1+ 28.Rxf1 Be6 29.Re1 Re8
30.c5 Bd5 31.Kf2 b6 32.g4 bxc5 33.bxc5 Rf8+ 34.Kg3 Rb8 35.Re3 Rb7 36.Ng6 Kf7
37.Nh4 Be6 38.Bxg7 Nxc5 39.Bxh6 Bd5 40.Nf5 Rb3 41.h4 Ne6 42.Nd6+ Kf6 43.Ne4+ Ke7
44.Rxb3 Bxb3 45.Be3  1-0

[Event "ch-SWE"]
[Site "Skara SWE"]
[Date "2002.07.01"]
[Round "2"]
[White "Hillarp Persson,T"]
[Black "Berg,E"]
[Result "1-0"]
[WhiteElo "2460"]
[BlackElo "2503"]

1.d4 e6 2.c4 Nf6 3.Nc3 Bb4 4.f3 d5 5.a3 Bxc3+ 6.bxc3 c5 7.cxd5 Nxd5 8.dxc5 Qa5
9.e4 Ne7 10.Be3 O-O 11.Qb3 Qc7 12.Nh3 Nec6 13.Nf2 Na5 14.Qb4 Nbc6 15.Qa4 Ne5
16.Be2 Nd7 17.Qb4 Nc6 18.Qa4 Na5 19.Qb4 Nc6 20.Qb5 b6 21.Nd3 bxc5 22.Nxc5 Nce5
23.Nxd7 Qxc3+ 24.Kf2 Bxd7 25.Qc5 Qxc5 26.Bxc5 Rfc8 27.Rhc1 Ba4 28.Bd6 Ng6
29.Ba6 Re8 30.Rc4 Rad8 31.e5 Bd7 32.Rac1 f6 33.exf6 Ba4 34.Bc7 Rd1 35.Rxd1 Bxd1
36.Bb5 Rf8 37.Rc3 a6 38.fxg7 Kxg7 39.Bxa6 Ba4 40.Bd3 e5 41.h4 e4 42.Bxe4 Nxh4
43.Be5+ Kf7 44.Bd5+ Ke7 45.Rc7+ Kd8 46.Rxh7  1-0

[Event "30th World Open"]
[Site "Philadelphia USA"]
[Date "2002.07.06"]
[Round "8"]
[White "Summerscale,A"]
[Black "Ehlvest,J"]
[Result "0-1"]
[WhiteElo "2503"]
[BlackElo "2588"]

1.d4 Nf6 2.c4 e6 3.Nc3 Bb4 4.f3 d5 5.a3 Bxc3+ 6.bxc3 c5 7.cxd5 Nxd5 8.dxc5 Qa5
9.e4 Nf6 10.Be3 O-O 11.Qb3 Qc7 12.a4 Nfd7 13.Qa3 Nc6 14.Nh3 Na5 15.Bb5 Nb8
16.Nf4 Bd7 17.Be2 Rc8 18.O-O Be8 19.Rfb1 Nd7 20.Bb5 Ne5 21.Qc1 Rd8 22.Ra2 Qe7
23.Be2 h6 24.Bd4 Qc7 25.Qf1 Nd7 26.Nd3 f6 27.Bf2 Rac8 28.Qc1 Bf7 29.Rab2 e5
30.Rb4 Nb8 31.Ne1 Be6 32.Bb5 Qf7 33.Nc2 Nb3 34.Qa3 Nd2 35.Re1 Nb3 36.Rb1 Nxc5
37.a5 Rd2 38.Ne1 Ra2 39.Qc1 Rxa5 40.Bf1 b6  0-1

[Event "ch-SWE"]
[Site "Skara SWE"]
[Date "2002.07.09"]
[Round "9"]
[White "Hillarp Persson,T"]
[Black "Ahlander,B"]
[Result "1/2-1/2"]
[WhiteElo "2460"]
[BlackElo "2419"]

1.d4 Nf6 2.c4 e6 3.Nc3 Bb4 4.f3 c5 5.d5 b5 6.e4 bxc4 7.Bxc4 Nxd5 8.Bxd5 exd5
9.Qxd5 Nc6 10.Ne2 Ba6 11.Kf2 O-O 12.Rd1 Ba5 13.Qh5 Rb8 14.Ng3 Bc7 15.f4 Nb4
16.Nf5 Nd3+ 17.Rxd3 Bxd3 18.Qg4 g6 19.Nd5 Bxe4 20.Nfe7+ Kh8 21.b3 f6 22.Bb2 Rb6
23.Re1 Bxd5 24.Nxd5 Rd6 25.Qf3 Bb6 26.Kg3 Kg8 27.h4 Re6 28.Rd1 Qe8 29.h5 gxh5
30.f5 Re2 31.Bxf6 h6 32.Bc3 Kh7 33.Kh3 Bd8 34.f6 Qe6+ 35.Kh2 Rg8 36.Qd3+ Rg6
37.Qxg6+ Kxg6 38.Nf4+ Kf7 39.Nxe6 Kxe6 40.Rf1 Kf7 41.Rd1 Ke6 42.Rf1 Bc7+
43.Kg1 Kf7 44.Rd1 d6 45.Rd3 h4 46.a4 Rc2 47.Kf1 h5 48.Re3 Bd8 49.Rd3 Bc7
50.Re3 Bd8 51.Rd3 Bxf6 52.Bxf6 Kxf6 53.Rxd6+ Kg5 54.Ra6 Rb2 55.Rxa7 Rxb3
56.Rc7 Rc3 57.a5 Kf4 58.Kg1 Kg4 59.Kh2 Kf4 60.a6 Ra3 61.a7 Kg4 62.Kg1 Ra2
63.Rg7+ Kf4 64.Kh2 Ra3 65.Rc7 Kg4 66.Kg1 Ra2 67.Kh2 Ra3 68.Rg7+ Kf4 69.Re7 Kg4
70.Rc7 Kf4 71.Rg7 Ra1 72.Rc7  1/2-1/2

[Event "FSGM July"]
[Site "Budapest HUN"]
[Date "2002.07.10"]
[Round "5"]
[White "Ovod,E"]
[Black "Csom,I"]
[Result "0-1"]
[WhiteElo "2372"]
[BlackElo "2448"]

1.d4 Nf6 2.c4 e6 3.Nc3 Bb4 4.f3 c5 5.d5 d6 6.e4 Bxc3+ 7.bxc3 e5 8.Bd3 Nbd7
9.Ne2 Nf8 10.h4 h6 11.g4 Qa5 12.Qb3 Kd8 13.Ng3 Kc7 14.Rb1 Rb8 15.Rb2 Bd7
16.Rhh2 Ng6 17.h5 Ne7 18.g5 hxg5 19.Bxg5 Neg8 20.Qc2 Nh6 21.Qc1 b6 22.Bxf6 gxf6
23.Nf5 Bxf5 24.exf5 Qa3 25.Rhg2 Rbg8 26.Kd1 Rg5 27.Rxg5 fxg5 28.Kc2 f6 29.Kb1 Ng8
30.Rh2 Qxc1+ 31.Kxc1 Kd7 32.Kd2 Nh6 33.Ke2 Ke7 34.Rg2 Rg8 35.Ke3 g4 36.fxg4 Rxg4
37.Rxg4 Nxg4+ 38.Kf3 Nh6 39.Kg3 Kf7 40.Be4 Kg7 41.Kh4 Nf7 42.Kg4 Nh6+ 43.Kh4 Kh7
44.Kg3 Nf7 45.Kg4 Kh6 46.Bd3 Kg7 47.Be4 Kf8 48.Bd3 Ke7 49.Be4 Kd7 50.Bd3 Nh6+
51.Kh4 Kc7 52.Kg3 Kb7 53.Kf3 Ka6 54.a4 Ka5 55.Bc2 a6 56.Ke4 b5 57.axb5 axb5
58.cxb5 Kxb5 59.Bd3+ Ka4 60.Bc2+ Ka3 61.Kd3 Nxf5 62.Kc4 Nh6 63.Kb5 Kb2 64.Bg6 f5
65.Kc6 e4 66.Kxd6 e3 67.Kxc5 e2 68.c4 e1=Q 69.Kd6 Kc3 70.c5 Kd4  0-1

[Event "EuJun"]
[Site "Baku AZE"]
[Date "2002.07.22"]
[Round "9"]
[White "Gozzoli,Y"]
[Black "Izoria,Z"]
[Result "0-1"]
[WhiteElo "2373"]
[BlackElo "2565"]

1.d4 Nf6 2.c4 e6 3.Nc3 Bb4 4.f3 Nc6 5.e4 d5 6.e5 Ng8 7.f4 dxc4 8.Nf3 Qd5
9.Be2 Nge7 10.O-O Bxc3 11.bxc3 b6 12.Nd2 Ba6 13.Bf3 Qa5 14.Ne4 O-O-O 15.Bd2 h6
16.a4 Rhf8 17.g4 f5 18.Ng3 fxg4 19.Bxg4 Nf5 20.Nxf5 Rxf5 21.Bxf5 exf5 22.Rb1 Qd5
23.Qf3 Qe6 24.Rb5 Bxb5 25.axb5 Na5 26.Kf2 Kb8 27.Rg1 Qd7 28.Be3 Qxb5 29.Rxg7 Qb2+
30.Kg3 Qxc3 31.d5 Qd3 32.e6 Nb7 33.Bc1 Qd4  0-1

[Event "6th Open"]
[Site "Korinthos GRE"]
[Date "2002.07.25"]
[Round "3"]
[White "Volkov,S"]
[Black "Hellsten,J"]
[Result "1-0"]
[WhiteElo "2636"]
[BlackElo "2477"]

1.d4 Nf6 2.c4 e6 3.Nc3 Bb4 4.f3 d5 5.a3 Bd6 6.c5 Be7 7.b4 O-O 8.e3 b6 9.Bd2 a5
10.Bd3 axb4 11.axb4 Rxa1 12.Qxa1 bxc5 13.bxc5 Nc6 14.Kf2 e5 15.Qa4 Bd7 16.Bb5 exd4
17.exd4 Qa8 18.Nge2 Qxa4 19.Bxa4 Rb8 20.Rd1 Nb4 21.Bxd7 Nxd7 22.Bf4 Rb7 23.Kf1 g5
24.Bg3 f5 25.Rb1 f4 26.Be1 Rb8 27.Rxb4 Rxb4 28.Nxd5 Rb2 29.Nxe7+ Kf7 30.Nd5 c6
31.Nb4 Nf6 32.h4 h6 33.hxg5 hxg5 34.Nxc6 Nd5 35.Ne5+ Ke6 36.Ng4 Rc2 37.g3 Kf5
38.gxf4 gxf4 39.Bf2 Ra2 40.Bh4 Ra1+ 41.Be1 Rb1 42.Kf2 Rb2 43.c6 Rc2 44.Ne5 Ke6
45.Ba5 Kd6 46.Ke1 Ra2 47.c7 Nxc7 48.Bxc7+ Kxc7 49.Nd3 Kb6 50.Ndxf4 Ra3 51.Nc3 Ka5
52.Nfd5 Ra1+ 53.Ke2 Rh1 54.Kd3  1-0

[Event "6th Open"]
[Site "Korinthos GRE"]
[Date "2002.07.27"]
[Round "5"]
[White "Volkov,S"]
[Black "Genov,Peta"]
[Result "1-0"]
[WhiteElo "2636"]
[BlackElo "2526"]

1.d4 Nf6 2.c4 e6 3.Nc3 Bb4 4.f3 d5 5.a3 Bxc3+ 6.bxc3 c6 7.e4 dxe4 8.fxe4 e5
9.Nf3 Qa5 10.Qd3 exd4 11.Bd2 dxc3 12.Qxc3 Qxc3 13.Bxc3 Kd8 14.Ng5 Be6 15.Be2 Na6
16.O-O Ke7 17.Rad1 Nc5 18.e5 Nfd7 19.Rd6 Na4 20.Bb4 c5 21.Nxe6 fxe6 22.Bg4 Nf8
23.Be1 h6 24.Bh5 g6 25.Bh4+ Ke8 26.Bxg6+ Nxg6 27.Rxe6+ Kd7 28.Rd6+ Kc8 29.Rxg6 Nb6
30.Rf7  1-0

[Event "2nd Summer Open"]
[Site "Savaria HUN"]
[Date "2002.07.28"]
[Round "4"]
[White "Kovacs,Ta"]
[Black "Bolvary,T"]
[Result "1-0"]
[WhiteElo "2160"]
[BlackElo "2015"]

1.d4 e6 2.c4 Nf6 3.Nc3 Bb4 4.f3 c5 5.a3 Bxc3+ 6.bxc3 d5 7.cxd5 exd5 8.e3 O-O
9.Bd3 Nc6 10.Ne2 c4 11.Bc2 Re8 12.O-O Bd7 13.Ng3 Na5 14.Rb1 Bc6 15.Qe1 Qd7
16.e4 Ba4 17.Bxa4 Qxa4 18.Qf2 Nb3 19.Qc2 Qc6 20.Bg5 Nd7 21.Nf5 f6 22.Bf4 Re6
23.exd5 Qxd5 24.Ne3 Rxe3 25.Bxe3 Re8 26.Rfe1 Nb6 27.Bf4 Qd7 28.Re4 Nd5 29.Rbe1 Rf8
30.Bg3 f5 31.Re5 f4 32.Bh4 Ne3 33.Qe4 Nd2 34.Re7 Nxe4 35.Rxd7 Nxc3 36.Rxb7 Rc8
37.Bg5 Ned5 38.Kf2 h6 39.Be7 Ne3 40.Bc5 Re8 41.g3 Ncd1+ 42.Kg1 c3 43.Rb1 c2
44.Rc1 Rb8 45.Rxc2 Nxc2 46.Rxd1 Ne3 47.Re1 Rb3 48.gxf4 Nd5 49.Kf2 a5 50.Re8+ Kf7
51.Ra8 Rb5 52.a4 Rb2+ 53.Kg3 Ne3 54.Rxa5 Nf1+ 55.Kg4 g6 56.f5 g5 57.Ra7+ Ke8
58.f6 Rg2+ 59.Kf5 Ne3+ 60.Kg6  1-0

[Event "6th Open"]
[Site "Korinthos GRE"]
[Date "2002.07.29"]
[Round "7"]
[White "Volkov,S"]
[Black "Istratescu,A"]
[Result "1-0"]
[WhiteElo "2636"]
[BlackElo "2622"]

1.d4 Nf6 2.c4 e6 3.Nc3 Bb4 4.f3 d5 5.a3 Bxc3+ 6.bxc3 c5 7.cxd5 exd5 8.e3 Qc7
9.Ne2 Nc6 10.dxc5 O-O 11.Nf4 Qa5 12.Qb3 Qxc5 13.Be2 Bd7 14.Kf2 Na5 15.Qb4 Rac8
16.Rd1 Rfe8 17.Ra2 Nc4 18.Rd4 Nb6 19.Bd2 Ba4 20.Rb2 Qxb4 21.axb4 a6 22.b5 Nc4
23.Bxc4 dxc4 24.bxa6 bxa6 25.Rb6 Bb5 26.e4 Rb8 27.Rbd6 Rb7 28.Bc1 Nd7 29.Ba3 f6
30.Nd5 Ne5 31.Ne3 Rc7 32.h4 Rc6 33.R6d5 Rce6 34.Nf5 Nf7 35.Rc5 g6 36.Ne3 f5
37.Nd5 Ne5 38.Rc7 Nc6 39.exf5 gxf5 40.Rf4 Ne5 41.Rxf5 Nd7 42.g4 Re2+ 43.Kg3 Ra2
44.Bc5 Rd2 45.Bd4  1-0

[Event "Open"]
[Site "Olomouc CZE"]
[Date "2002.08.02"]
[Round "3"]
[White "Genocchio,D"]
[Black "Svancara,P"]
[Result "1/2-1/2"]
[WhiteElo "2372"]
[BlackElo "2159"]

1.d4 Nf6 2.c4 e6 3.Nc3 Bb4 4.f3 d5 5.a3 Be7 6.cxd5 exd5 7.e4 O-O 8.e5 Ne8
9.Bd3 c5 10.Nce2 Nc6 11.f4 cxd4 12.Nf3 Bg4 13.O-O g6 14.Kh1 Ng7 15.b4 a6
16.Bb2 f6 17.exf6 Bxf6 18.Qb3 Bxf3 19.Rxf3 Re8 20.Ng3 Kh8 21.Rd1 Qd6 22.Bc1 Re7
23.Qb1 Rae8 24.Bd2 Bh4 25.Kg1 Rf7 26.Nh1 Bd8 27.Ng3 Bh4 28.Nh1 Bd8 29.Rh3 Kg8
30.Nf2 Ne7 31.Ng4 Nef5 32.Ne5 Rxe5 33.fxe5 Qxe5 34.Re1 Ne3 35.Qc1 Rc7 36.Qb2 Re7
37.Qc1 Rc7 38.Qd1 Re7 39.Qf3 Rf7 40.Qe2 Bb6 41.Rc1 Ne6 42.Rc8+ Kg7 43.Re8 Bc7
44.Qe1 Qf6 45.Rf3  1/2-1/2

[Event "7th Open"]
[Site "Creon FRA"]
[Date "2002.08.03"]
[Round "8"]
[White "Schuurman,P"]
[Black "Gozzoli,Y"]
[Result "1/2-1/2"]
[WhiteElo "2272"]
[BlackElo "2373"]

1.d4 Nf6 2.c4 e6 3.Nc3 Bb4 4.f3 Nc6 5.Bg5 d5 6.a3 Be7 7.e3 O-O 8.Bd3 dxc4
9.Bxc4 Nd5 10.Bxe7 Ncxe7 11.Qd2 Nf5 12.Bxd5 exd5 13.Nge2 Re8 14.e4 dxe4 15.fxe4 Nd6
16.Qf4 c6 17.O-O Be6 18.Rf3 f5 19.e5 Nc4 20.Rg3 Kh8 21.Re1 Qe7 22.Qf2 Rad8
23.Nf4 Rd7 24.Nce2 Red8 25.Nxe6 Qxe6 26.Nf4 Qe7 27.Nh5 Qe6 28.Nf4 Qe7 29.Nh5 Qe6  1/2-1/2

[Event "ch-SLO"]
[Site "Dobrna SLO"]
[Date "2002.08.04"]
[Round "2"]
[White "Frangez,S"]
[Black "Navinsek,T"]
[Result "0-1"]
[WhiteElo "2145"]
[BlackElo "2279"]

1.d4 Nf6 2.c4 e6 3.Nc3 Bb4 4.f3 Nc6 5.a3 Bxc3+ 6.bxc3 e5 7.e4 d6 8.g3 O-O
9.Bh3 b6 10.Be3 Ba6 11.Qa4 Na5 12.Bf1 c5 13.d5 Qe8 14.Qc2 Bxc4 15.Bh3 Qb5
16.Bg5 Bd3 17.Qa2 Nb3 18.Rd1 c4 19.Bf5 h6 20.h4 Rfe8 21.Be3 Nc5 22.g4 Qa5
23.Bd2 Nb3 24.g5 Nxd5 25.Qb2 Nxd2 26.Kxd2 Qc5 27.exd5 Qf2+ 28.Kc1 Qxb2+ 29.Kxb2 Bxf5
30.Ne2 h5 31.Ng3 Bg6 32.Rhe1 Rac8 33.Re3 f5 34.Re2 f4 35.Ne4 Bxe4 36.fxe4 g6
37.Rf2 Rc5 38.Ka2 Rb5 39.a4 Rb3 40.Rf3 Rc8 41.Rb1 Rxb1 42.Kxb1 Rc5 43.Ka2 Kf7
44.Ka3 Ke7 45.Rf2 Kd7 46.Rf1 Kc7 47.Rf2 Kb7 48.Rf1 a5 49.Rb1 Ka6  0-1

[Event "ch-AUT"]
[Site "Oberpullendorf AUT"]
[Date "2002.08.15"]
[Round "6"]
[White "Aschenbrenner,R"]
[Black "Hoelzl,F"]
[Result "0-1"]
[WhiteElo "2230"]
[BlackElo "2393"]

1.d4 Nf6 2.c4 e6 3.Nc3 Bb4 4.f3 d5 5.a3 Bd6 6.e4 c5 7.cxd5 cxd4 8.Qxd4 exd5
9.Bg5 Nc6 10.Qd2 d4 11.Nd5 Be6 12.Bc4 Be7 13.Nxe7 Qxe7 14.Bb5 Rd8 15.Rc1 O-O
16.Ne2 d3 17.Bxc6 dxe2 18.Qxe2 bxc6 19.e5 Rfe8 20.exf6 gxf6 21.Bh6 Bc4 22.Qxe7 Rxe7+
23.Kf2 Re2+ 24.Kg3 Bd5 25.Rhd1 Kh8 26.Rd4 Rg8+ 27.Rg4 Rxg2+ 28.Kxg2 Rxg4+
29.Kf2 Rh4 30.Bd2 Rxh2+ 31.Ke3 Rh3 32.Rf1 Kg7 33.Bc3 Kg6 34.Kf4 Rh5 35.Kg3 Kf5
36.Rd1 Rg5+ 37.Kf2 Kg6 38.Rh1 h5 39.Rh4 Rf5 40.Rh3 Be6 41.Rh2 Kg7 42.Rh4 Bd5
43.Rh3 Kf8 44.Ke3 Ke7 45.f4 Kd6 46.Rh4 Bb3 47.Rh2 Kc7 48.Ke4 Be6 49.Ke3 a5
50.Rh4 Kb6 51.Rh2 Kb5 52.Be1 Bb3 53.Bh4 Ka4 54.Rd2 Bd5 55.Rh2 Kb3 56.Be1 a4
57.Bc3 Ka2 58.Rh4 Bb3 59.Rh2 Be6 60.Rh4 Rb5 61.Bxf6 Rb3+ 62.Kd2 Bg4 63.Bc3 Rb5
64.Rh2 Rc5 65.Kd3 Kb3 66.Be5 Rd5+ 67.Ke3 Rd1 68.Bf6 c5 69.Be5 Re1+ 70.Kd2 Rf1
71.Ke3 Kc4 72.Rc2+ Kb5 73.Rh2 Rf3+ 74.Kd2 Kc4 75.Kc2 Rf1 76.Kd2 Kd5 77.Ke3 Rf3+
78.Kd2 Ke4 79.Re2+ Kf5 80.Rh2 Rb3 81.Rh1 Rf3 82.Rh2 f6 83.Bc7 Rb3 84.Kc1 Rb7
85.Bd6 Rd7 86.Bb8 Rd5 87.Bc7 Ke4 88.Kc2 f5 89.b3 Bd1+ 90.Kc3 axb3 91.a4 Rd7
92.Bb6 Rd3+ 93.Kb2 c4 94.Ba5 Kxf4 95.Bd2+  0-1

[Event "WY ol"]
[Site "Kuala Lumpur MAS"]
[Date "2002.08.20"]
[Round "1"]
[White "Wee Zhen Yang"]
[Black "Grecescu,G"]
[Result "0-1"]
[WhiteElo "2088"]
[BlackElo "2233"]

1.d4 Nf6 2.c4 e6 3.Nc3 Bb4 4.f3 d5 5.a3 Bxc3+ 6.bxc3 c5 7.cxd5 exd5 8.e3 O-O
9.Bd3 Re8 10.Ne2 b6 11.O-O Ba6 12.Re1 Qd7 13.Ng3 Bxd3 14.Qxd3 Nc6 15.Ra2 Rad8
16.Rae2 h6 17.Rd1 Re6 18.Bb2 cxd4 19.cxd4 Ne7 20.e4 Ng6 21.Qd2 dxe4 22.fxe4 Qa4
23.Rde1 Ne5 24.d5 Ree8 25.Qd4 Qxd4+ 26.Bxd4 Rc8 27.Rd1 g6 28.Rf1 Nfd7 29.Rd1 Rc4
30.Nf1 Rec8 31.Ne3 Ra4 32.Rc2 Rxc2 33.Nxc2 Kf8 34.h3 Ke7 35.Kf2 Kd6 36.Ke3 Nc5
37.Rf1 Nc4+ 38.Kf4 Nxe4 39.Re1 Nc5 40.Bxc5+ bxc5 41.Kf3 Ne5+ 42.Ke3 f5 43.Rd1 f4+
44.Kf2 g5 45.Rb1 Rc4 46.Ne1 Rc3 47.Rb8 Kxd5 48.Rd8+ Ke4 49.Re8 Kf5 50.Rc8 c4
51.Nf3 Rc2+ 52.Kf1 Nxf3 53.gxf3 Ke5 54.Ra8 Kd4 55.Rxa7 Ke3 56.Re7+ Kxf3 57.a4 Ra2
58.Re1 Rxa4 59.Rc1 Kg3 60.Rc3+ f3 61.Ke1 Ra2 62.Rc1 Kg2  0-1

[Event "ch-FRA w"]
[Site "Val d'Isere FRA"]
[Date "2002.08.23"]
[Round "5"]
[White "Wohlers Armas,F"]
[Black "Muller,A"]
[Result "1-0"]
[WhiteElo "2170"]
[BlackElo "2169"]

1.d4 Nf6 2.c4 e6 3.Nc3 Bb4 4.f3 c5 5.d5 Bxc3+ 6.bxc3 d6 7.e4 e5 8.Bd3 Qe7
9.Ne2 Nbd7 10.Qa4 O-O 11.Ng3 Nb6 12.Qb3 Ne8 13.a4 g6 14.a5 Nd7 15.h4 Ng7
16.h5 Rb8 17.Qd1 b6 18.Qd2 f6 19.hxg6 hxg6 20.Qh6 Kf7 21.axb6 Nxb6 22.Qh7 Ke8
23.Bh6 Rf7 24.Qxg6 Kd8 25.Bd2 Ne8 26.Rh8 a6 27.Kf2 Kc7 28.Rah1 Bd7 29.R1h7 Rxh7
30.Rxh7 Qd8 31.Nf5 a5 32.Ne7 Ra8 33.Nc6 Qc8 34.Bc1 a4 35.Ba3 Kb7 36.Qh6 Ka6
37.Ne7 Qb8 38.Qc1 Ra7 39.Qc2 Rb7 40.Nf5 Qd8 41.Rh1 Nc8 42.Rb1 Rxb1 43.Qxb1 Qb6
44.Qxb6+ Nxb6 45.Kg3 Kb7 46.Kh4 Kc7 47.Kh5 Bc8 48.Kg6 Ba6 49.Ne3 Kd7 50.Kf7 Bc8
51.Nd1 Kd8 52.Nb2 Bd7 53.Bc2 Kc7 54.Ke7 Nc8+ 55.Kf8 Nb6 56.Bd3 Kd8 57.Nd1 Bc8
58.Ne3 Ba6 59.Kf7 Kd7 60.Bc1 Kd8 61.Nc2 Bxc4 62.Bxc4 Nxc4 63.Na3 Nb6 64.Bh6 Kd7
65.c4 Nc8 66.Be3 Ne7 67.g4 Nc8 68.Bf2 Nb6 69.Bh4  1-0

[Event "ch-RUS"]
[Site "Krasnodar RUS"]
[Date "2002.08.28"]
[Round "2"]
[White "Yakovich,Y"]
[Black "Lugovoi,A"]
[Result "1/2-1/2"]
[WhiteElo "2586"]
[BlackElo "2516"]

1.d4 Nf6 2.c4 e6 3.Nc3 Bb4 4.f3 d5 5.a3 Bxc3+ 6.bxc3 c5 7.cxd5 Nxd5 8.dxc5 f5
9.Nh3 O-O 10.c4 Qh4+ 11.Nf2 Qf6 12.Bg5 Qxg5 13.cxd5 Qe3 14.Qc1 Qxc1+ 15.Rxc1 exd5
16.Nd3 f4 17.g3 fxg3 18.hxg3 Nc6 19.Nf4 d4 20.Kd2 Bf5 21.Bh3 Na5 22.Kd1 Rac8
23.Ne6 Rf6 24.Nxd4 Rd8 25.Bxf5  1/2-1/2

[Event "ch-RUS"]
[Site "Krasnodar RUS"]
[Date "2002.08.30"]
[Round "4"]
[White "Yakovich,Y"]
[Black "Tunik,G"]
[Result "1/2-1/2"]
[WhiteElo "2586"]
[BlackElo "2505"]

1.d4 Nf6 2.c4 e6 3.Nc3 Bb4 4.f3 d5 5.a3 Bxc3+ 6.bxc3 c6 7.Qc2 O-O 8.e4 dxe4
9.fxe4 e5 10.Nf3 exd4 11.e5 Re8 12.Bd3 dxc3 13.O-O Rxe5 14.Nxe5 Qd4+ 15.Kh1 Qxe5
16.Bf4 Qa5 17.Bd6 Be6 18.Rab1 b6 19.Rbc1 Nbd7 20.Qxc3 Qxc3 21.Rxc3 c5 22.h3 Rc8
23.a4 Nb8 24.Bxb8 Rxb8 25.a5 Rd8 26.Bf5 Bxf5 27.Rxf5 Kf8 28.Re5 Rd1+ 29.Kh2 Nd7
30.Ree3 Rd4 31.Rcd3 Rxd3 32.Rxd3 Ke7 33.Kg3 Ne5 34.axb6 axb6 35.Rc3 g5 36.Kf2  1/2-1/2

[Event "Saraybahce Blitz Exhib"]
[Site "Kocaeli TUR"]
[Date "2002.08.??"]
[Round "2"]
[White "Erdogan,H"]
[Black "Ivanchuk,V"]
[Result "0-1"]
[WhiteElo "2218"]
[BlackElo "2711"]

1.d4 Nf6 2.c4 e6 3.Nc3 Bb4 4.f3 d5 5.a3 Bxc3+ 6.bxc3 c5 7.cxd5 Nxd5 8.dxc5 Qa5
9.e4 Nc7 10.Be3 e5 11.Qb3 Be6 12.Qb4 Nc6 13.Qxa5 Nxa5 14.Rb1 O-O-O 15.Nh3 Nc4
16.Bc1 f6 17.Rb4 Na5 18.Be2 Nc6 19.Rb2 Na5 20.Kf2 Bc4 21.Rd1 Bxe2 22.Rxd8+ Rxd8
23.Kxe2 Ne6 24.Rb4 Nxc5 25.Be3 Na6 26.Ra4 b6 27.f4 Kb7 28.fxe5 fxe5 29.Ng5 Nc6
30.Nxh7 b5 31.Rxa6 Kxa6 32.Ng5 Ka5 33.Ne6 Rh8 34.h3 Ka4 35.Bc5 Kb3 36.Kd3 a5
37.Nc7 Rd8+ 38.Ke3 Kc4 39.Bb6 Rd3+ 40.Kf2 Rxc3 41.Ne6 b4 42.axb4 axb4  0-1